logo

Bir Sreshtho Munshi Abdur Rouf Library
Jhenaidah Cadet College

Road-making machinery / (Record no. 8702)

MARC details
000 -LEADER
fixed length control field 00665cam a22002291i 4500
001 - CONTROL NUMBER
JCCL Control Number 8702
003 - CONTROL NUMBER IDENTIFIER
JCCL marc code BD-JhCC
005 - DATE AND TIME OF LATEST TRANSACTION
control field 20180529132353.0
008 - FIXED-LENGTH DATA ELEMENTS--GENERAL INFORMATION
fixed length control field 130509s1966 ru a 000 0 eng
035 ## - SYSTEM CONTROL NUMBER
system control number (BD-JhCC)8702
040 ## - CATALOGING SOURCE
Original cataloging agency DLC
Transcribing agency DLC
Modifying agency DLC
-- BD-JhCC
041 ## - LANGUAGE CODE
Language code of Book eng
050 00 - LIBRARY OF CONGRESS CALL NUMBER
Classification number TE223
Item number .A213
082 ## - DEWEY DECIMAL CLASSIFICATION NUMBER
Author mark and Year ABR 1966
Classification number 625.7028
100 1# - MAIN ENTRY--PERSONAL NAME
Personal name Abrosimov, Konstantin F.
245 10 - TITLE STATEMENT
Title Road-making machinery /
Statement of responsibility, etc K. Abrosimov, A. Bromberg [and] F. Katayev. Translated from the Russian by A. Troitsky.
260 ## - PUBLICATION, DISTRIBUTION, ETC. (IMPRINT)
Place of publication, distribution, etc Moscow :
Name of publisher, distributor, etc Mir Publishers,
Date of publication, distribution, etc [1966].
300 ## - PHYSICAL DESCRIPTION
Pagination 692 p. :
Other physical details ill. ;
Dimensions 23 cm
650 #0 - SUBJECT ADDED ENTRY--TOPICAL TERM
Topical term or geographic name as entry element Road machinery.
942 ## - ADDED ENTRY ELEMENTS (KOHA)
Source of classification or shelving scheme Dewey Decimal Classification
Koha item type Books
Holdings
Source of classification or shelving scheme Damaged status Not for loan Home library Current library Shelving location Total Checkouts Full call number Barcode Date last seen Copy number Koha item type Date of accession
Dewey Decimal Classification     JCC Rouf Library JCC Rouf Library General Stacks   625.7028 ABR 1966 11179 03/01/2018 C-1 Books  
Dewey Decimal Classification     JCC Rouf Library JCC Rouf Library General Stacks   625.7028 ABR 1966 11138 03/10/2018 C-2 Books 03/10/2018

JCC Library | Contacts | JCC Home

Last Update on 23 September 2017
Copyright @ 2017-2020 JCC Rouf Library
Rouf Library, Jhenidah Cadet College (JCC), Bangladesh